00518nam a22001577a 450000500170000001000170001702000260003403500170006003700260007708200060010310000250010924501080013426000350024227000610027730000220033820120823120024.0 aB-461129-138 a9780143030355c325.00 aB-461129-138 adplbVirtuous Pub/Ven aN aTagore, Rabindranath aA grain of sand =bchokher bali /cby Rabindranath Tagore; translated from the Bengali by Sreejata Guha aNew DelhibPenguin Booksc2003 a11, Community Centre, Panchsheel ParkbNew Delhie110017 a287p.c19cm (pbk)